| 000 | 00435cam a22001337a 4500 | ||
|---|---|---|---|
| 008 | 180718b1962 xxu||||| |||| 00| 0 eng d | ||
| 082 | _aW403 x42 Un3 | ||
| 100 | _aHer Mjesty's Stationery Office, London | ||
| 245 | _aRoad traffic act,1960 | ||
| 260 |
_aLondon _bHer Mjesty's Stationery Office _c1962 |
||
| 300 | _a236p. | ||
| 650 | _aAutomobiles -- Law and legislation -- Great Britain | ||
| 650 | _aTraffic regulations -- Great Britain | ||
| 999 |
_c413540 _d413540 |
||